Анализ деятельности российской компании методом "Затраты-объем-прибыль"; Информационные технологии в науке, управлении, социальной сфере и медицине; Ч. 2

Bibliographische Detailangaben
Parent link:Информационные технологии в науке, управлении, социальной сфере и медицине: сборник научных трудов III Международной научной конференции, 23-26 мая 2016 г., Томск.— , 2016
Ч. 2.— 2016.— [С. 293-295]
1. Verfasser: Рудь Е. П.
Körperschaft: Национальный исследовательский Томский политехнический университет (ТПУ)
Zusammenfassung:Заглавие с титульного экрана
CVP analysis is based on division of costs into fixed and variable. In Russian financial statements that division doesn't exist. In this paper were analyzed JSC «Rosneft» economic activities using CVP analysis and offered method of costs division. Analysis results are represented by breakeven point and financial safety margin calculations which characterizes financial standing of a company.
Sprache:Russisch
Veröffentlicht: 2016
Schriftenreihe:Информационные технологии и моделирование в финансовой сфере
Schlagworte:
Online-Zugang:http://earchive.tpu.ru/handle/11683/31480
Format: Elektronisch Buchkapitel
KOHA link:https://koha.lib.tpu.ru/cgi-bin/koha/opac-detail.pl?biblionumber=619757

MARC

LEADER 00000naa2a2200000 4500
001 619757
005 20231101133058.0
035 |a (RuTPU)RU\TPU\conf\18193 
035 |a RU\TPU\conf\18191 
090 |a 619757 
100 |a 20160831d2016 k y0rusy50 ca 
101 0 |a rus 
102 |a RU 
105 |a y z 101zy 
135 |a drgn ---uucaa 
181 0 |a i  
182 0 |a b 
200 1 |a Анализ деятельности российской компании методом "Затраты-объем-прибыль"  |d Analysis of Russian company economic activities using method "Costs-volume-profit"  |f Е. П. Рудь 
203 |a Текст  |c электронный 
225 1 |a Информационные технологии и моделирование в финансовой сфере 
230 |a 1 компьютерный файл (pdf; 523 Kb) 
300 |a Заглавие с титульного экрана 
320 |a [Библиогр.: с. 294-295 (3 назв.)] 
330 |a CVP analysis is based on division of costs into fixed and variable. In Russian financial statements that division doesn't exist. In this paper were analyzed JSC «Rosneft» economic activities using CVP analysis and offered method of costs division. Analysis results are represented by breakeven point and financial safety margin calculations which characterizes financial standing of a company. 
461 1 |0 (RuTPU)RU\TPU\conf\17281  |t Информационные технологии в науке, управлении, социальной сфере и медицине  |o сборник научных трудов III Международной научной конференции, 23-26 мая 2016 г., Томск  |o в 2 ч.  |d 2016 
463 1 |0 (RuTPU)RU\TPU\conf\17287  |t Ч. 2  |f Национальный исследовательский Томский политехнический университет (ТПУ) ; под ред. О. Г. Берестневой [и др.]  |v [С. 293-295]  |d 2016 
510 1 |a Analysis of Russian company economic activities using method "Costs-volume-profit"  |z eng 
610 1 |a труды учёных ТПУ 
610 1 |a электронные ресурсы 
610 1 |a CVP-анализ 
610 1 |a переменные затраты 
610 1 |a финансовые результаты 
610 1 |a безубыточность 
610 1 |a Роснефть 
700 1 |a Рудь  |b Е. П. 
712 0 2 |a Национальный исследовательский Томский политехнический университет (ТПУ)  |c (2009- )  |2 stltpush  |3 (RuTPU)RU\TPU\col\15902 
801 2 |a RU  |b 63413507  |c 20160912  |g RCR 
856 4 |u http://earchive.tpu.ru/handle/11683/31480 
942 |c BK